Mes sapins et autres conifères

Wedi'i Gadw mewn:
Manylion Llyfryddiaeth
Prif Awdur: Pierre Durand
Fformat: Llyfr
Iaith:Undetermined
Cyhoeddwyd: Paris Maison Rustique 1956
Pynciau:
Tagiau: Ychwanegu Tag
Dim Tagiau, Byddwch y cyntaf i dagio'r cofnod hwn!
Thư viện lưu trữ: Trung tâm Học liệu Trường Đại học Cần Thơ
LEADER 00476nam a2200181Ia 4500
001 CTU_13415
008 210402s9999 xx 000 0 und d
082 |a 635.9 
082 |b D949s 
100 |a Pierre Durand 
245 0 |a Mes sapins et autres conifères 
245 0 |c Pierre Durand 
260 |a Paris 
260 |b Maison Rustique 
260 |c 1956 
650 |a plants, ornamental 
904 |i Minh, 961128 
980 |a Trung tâm Học liệu Trường Đại học Cần Thơ